zpět

Detail výsledku týmu

Židovna, Vysoký Chlumec

Datum a čas kvízu

22 Celkem bodů Celkový počet nahraných bodů na tomto kvízu bez doplňovacích otázek.
1. Pořadí na kvízu Konečné umístění týmu na tomto kvízu.

Zaznamenané odpovědi

# Otázka Odpověď Body Výsledky
1. Poslanecká sněmovna ve středu... 1
2. Ukrajinští vyšetřovatelé zabav... 1
3. Oblíbená americká zpěvačka vyd... 0
4. McDonald's přišel o ochrannou... 1
5. Nadnárodní výrobce sportovního... 1
6. V tomto tématu Vás čeká pět vý... 0
7. Z níže vypsaných měst leží nej... 0
8. Z níže vypsaných děl vyberte j... 0
9. Které z těchto zvířat je sudo... 0
10. Které z těchto příjmení je v Č... 0